000 01186nam a2200325 i 4500
001 768714001
003 CO-MdFUSB
005 20220126100753.0
007 ta
008 220121t2013 sp |||| |||| 00| 0 spa d
020 _a9788494377723
040 _aCO-MdFUSB
_bspa
_cCO-MdFUSB
_dCO-MdFUSBC
_erda
041 _aspa
_heng
082 _223
_a220.6
_bST888
100 _aStott, John R. W.,
_eautor
240 _aStudents of the Word
245 1 _aEstudiantes de la Palabra :
_bcomprometidos con la Escritura para impactar en nuestro mundo.
_c/ John R.W. Stott ; traducido por Gisela Muñoz
264 1 _aMadrid, España :
_bAndamio,
_c[2013]
264 4 _c© 2013
300 _a77 páginas
_c; 21 cm
336 _2rdacontent
_atexto
_btxt
337 _2rdamedia
_asin mediación
_bn
338 _2rdacarrier
_avolumen
_bnc
505 _aLa autoridad de las Escrituras. -- Principios básicos de interpretación bíblica. -- Desarrollar una mente cristiana en una sociedad no cristiana. -- Provocar un impacto en el mundo de hoy.
563 _aRústico
650 0 _954
_aPredicación
700 _9743
_aMuñoz Cruz, Gisela
_etraductor
942 _cBK
945 _aJTF-925
999 _c67114
_d67114